| 000 | 008720000a22002650004500 | ||
|---|---|---|---|
| 001 | 120 | ||
| 003 | CO-MdFUSB | ||
| 005 | 20180622072700.0 | ||
| 008 | 160531t1 sp f |||| 00| 0 spa d | ||
| 020 | _a84-8169-066-X | ||
| 040 |
_aCO-MdFUSB _bEspañol _cCO-MdFUSB _dCO-MdFUSB |
||
| 041 | 0 | _aspa | |
| 082 | 0 | 4 | _aG 220.7 G952d |
| 100 | 1 | _aGuijarro Oporto, Santiago | |
| 245 | 1 | 0 |
_aComentario al Nuevo Testamento _c / Santiago Guijarro Oporto, Miguel Salvador García |
| 250 | _a5 | ||
| 264 |
_aMadrid, España _b: Casa de la Biblia, _c1999 |
||
| 300 | _a745 Pag. | ||
| 336 |
_2rdacontent _a1 _ba1 |
||
| 337 |
_2rdamedia _a2 _b5 |
||
| 338 |
_2rdacarrier _a2 _b5 |
||
| 505 | _a1. Evangelios 2. Cartas de San Pablo 3. Cartas de San Pedro 4. Carta de San Judas 5. Cartas de San Juan 6. Apocalipsis | ||
| 653 |
_aBIBLIA. N.T. _a \ BIBLIA _a - COMENTARIOS |
||
| 942 | _cBK | ||
| 999 |
_c31665 _d31665 |
||